IMF-supported programs in Indonesia, Korea, and Thailand <a> preliminary assessment

Gespeichert in:
Bibliographische Detailangaben
1. Verfasser: Lane, Timothy
Format: Buch
Sprache:Englisch
Veröffentlicht: Washington International Monetary Fund 1999
Schriftenreihe:Occasional paper no. 178
Schlagworte:
Tags: Tag hinzufügen
Keine Tags, Fügen Sie das erste Tag hinzu!

MARC

LEADER 00000nam a2200000 4500
001 c125146
005 20221108121703.6
020 |a 1-55775-783-6 
022 |a 0251-6365 
041 0 |a eng 
044 |a US 
245 1 0 |a IMF-supported programs in Indonesia, Korea, and Thailand  |b <a> preliminary assessment  |c Timothy Lane ... [et al.] 
264 1 |a Washington  |b International Monetary Fund  |c 1999 
300 |a 82 s. 
490 1 |a Occasional paper  |v no. 178 
830 0 |a Occasional paper  |v no. 178 
610 2 0 |a programy rozvojové 
610 2 0 |a pomoc hospodárska 
610 2 0 |a pomoc medzinárodná 
610 2 0 |a makroekonomika 
610 2 0 |a deflácia 
610 2 0 |a ceny 
610 2 0 |a banky 
610 2 0 |a kurz devízový 
610 2 0 |a financovanie projektové 
610 2 0 |a trh 
610 2 0 |a politika peňažná 
610 2 0 |a politika fiškálna 
610 2 0 |a reformy štruktúrne 
610 2 0 |a kríza 
610 2 0 |a sektor súkromný 
610 2 0 |a cash flow 
610 2 0 |a úver 
610 2 0 |a miera úroková 
610 2 0 |a politika sociálna 
610 2 0 |a Indonézia 
610 2 0 |a Thajsko 
610 2 0 |a Kórea 
610 2 0 |a Medzinárodný menový fond 
100 1 |a Lane, Timothy